000 00246pam a2200109 a 4500
020 _c
041 _h
100 _aCII
_eauthor
245 _aBattling for Market Share
_hTextual Document
260 _bConfederation of India -
_c2004
930 _a733
999 _c819947
_d819947